| Поле | Название | Значение |
| |
Тип записи |
i |
| |
Библиографический уровень |
m |
| 001 |
Контрольный номер |
IZD\1С\2007\4601546056559 |
| 005 |
Дата корректировки |
20201206204914.0 |
| 010 |
Индекс ISBN |
__ |
| a |
ISBN |
978-5-9677-0935-7 |
| d |
Цена |
231-75 |
| 100 |
Данные общей обработки |
__ |
| a |
Данные общей обработки |
19090922d2008 |||y0rusy0189 ca |
| 101 |
Язык документа |
0_ |
| a |
Язык текста |
eng |
| 102 |
Страна публикации |
__ |
| a |
Страна публикации |
RU |
| 105 |
Кодированные данные (монография) |
__ |
| a |
Кодированные данные (монография) |
zy |
| 200 |
Заглавие и сведения об ответственности |
1_ |
| a |
Заглавие |
The Door with Seven Locks |
| e |
Сведения, относящиеся к заглавию |
[a novel] |
| f |
Первые сведения об ответственности |
[Edgar Wallace ; исполн. Джон Фрейзер] |
| b |
Общее обозначение материала |
Звукозапись |
| 200 |
Заглавие и сведения об ответственности |
__ |
| d |
Параллельное заглавие |
Дверь с семью замками |
| 210 |
Выходные данные |
__ |
| a |
Место издания |
Москва |
| c |
Издательство |
1С-Паблишинг |
| d |
Дата издания |
2008 |
| 215 |
Физическое описание |
__ |
| a |
Объем |
1 электрон. опт. диск (Audio-CD) (05 ч. 14 мин.) |
| c |
Иллюстрации/тип воспроизводства |
MP3, Stereo |
| d |
Формат |
12 |
| 225 |
Серия |
__ |
| a |
Серия |
The Golden Age of Detective Fiction |
| v |
Обозначение тома |
Part 3 |
| 225 |
Серия |
__ |
| a |
Серия |
Аудиокниги |
| 300 |
Общие примечания |
__ |
| a |
Общие примечания |
Загл. с контейнера |
| 300 |
Общие примечания |
__ |
| a |
Общие примечания |
MPEG-I Layer-3 (MP3), 256 Kbps, 16 bit, 44.1 kHz ; Windows ; Pentium 100 ; RAM 16 Mb ; SVGA 800x600 ; CD-ROM ; звуковая карта ; колонки или наушники |
| 323 |
Примечание о главных создателях, исполнителях, участниках |
__ |
| a |
Примечание о главных создателях, исполнителях, участниках |
Фрейзер, Д. (читает) |
| 330 |
Аннотация |
__ |
| a |
Аннотация |
Новая серия «The Golden Age of Detective Fiction» объединяет в себе произведения, которые смело можно назвать золотой классикой детективного жанра. Серия на английском языке озвучена профессиональными дикторами - носителями языка и адресована всем, кто желает усовершенствовать навыки восприятия на слух иностранного текста, расширить словарный запас и просто насладиться звучанием произведения на языке оригинала. В третьем выпуске представлено произведение британского романиста и драматурга, написавшего более чем 150 детективных романов Эдгара Уоллеса «Дверь с семью замками».Отставной полицейский, частный детектив и, конечно, джентльмен - Дик Мартин, расследует последовательные убийства, которые связаны между собой ключами, найденными на телах жертв. Диск содержит также текстовую версию рассказа на английском языке. |
| 333 |
Примечание о целевом назначении |
__ |
| a |
Примечание о целевом назначении |
12+. Для детей старше 12 лет |
| 517 |
Другие варианты заглавия |
__ |
| a |
Другие варианты заглавия |
The Door with Seven Locks |
| 606 |
Тематические рубрики |
__ |
| a |
Основная рубрика |
Художественная литература |
| 606 |
Тематические рубрики |
__ |
| a |
Основная рубрика |
Литература Европы (произведения) |
| 610 |
Ключевые слова |
__ |
| a |
Ключевые слова |
английский язык; детективы; романы; детективные романы; английская литература; аудирование; тема преступлений; тема расследований |
| 686 |
Индексы других классификаций |
__ |
| a |
Классификационный индекс |
84(4Вел)52-445я04 |
| 700 |
Автор |
_1 |
| a |
Фамилия |
Wallace |
| b |
Имя |
E. |
| f |
Даты |
1875-1932 |
| g |
Полное личное имя |
Edgar |
| 4 |
Код отношения |
070 |
| 790 |
Имя лица - альтернативная форма |
__ |
| a |
Имя лица - альтернативная форма |
Уоллес, Э. |
| 801 |
Источник записи |
_0 |
| a |
Страна |
RU |
| b |
Организация |
Муниципальное бюджетное учреждение культуры "Централизованная библиотечная система" г. Сургут (Центральная городская библиотека им. А. С. Пушкина) |
| c |
Дата составления |
20090922 |
| g |
Правила каталогизации |
КиК/Котельникова |
| 801 |
Источник записи |
_1 |
| a |
Страна |
RU |
| b |
Организация |
Муниципальное бюджетное учреждение культуры "Централизованная библиотечная система" г. Сургут (Центральная городская библиотека им. А. С. Пушкина) |
| c |
Дата составления |
20090922 |
| g |
Правила каталогизации |
КиК/Котельникова |
| 852 |
Данные о местонахождении |
__ |
| j |
Шифр хранения |
84(4Вел)52-445я04 |
| i |
Авторский знак |
W 20 |
| 901 |
Тип документа |
__ |
| t |
Тип документа |
0 |
| 903 |
Характеристики (МАРС) |
__ |
| a |
Дата передачи |
20140314 |
| 969 |
Тип издания |
__ |
| a |
Тип издания |
издание для слепых; аудиокнига |
| 990 |
Данные о заказе (DOS) |
__ |
| j |
Количество экземпляров (DOS) |
1 |
| t |
N записи в КСУ для И/У (DOS) |
201403 |